| 000 | 01063nam a2200301 a 4500 | ||
|---|---|---|---|
| 001 | 000024245 | ||
| 005 | 20260202095302.0 | ||
| 008 | 110125s1988 xxu r 000 0 spa d | ||
| 020 | _z0311420754 | ||
| 040 |
_aDO-SdBNP _bspa _cBNPHU |
||
| 041 | 1 | 7 |
_aspa _heng _2Código de idioma MARC |
| 082 |
_a248.4 _bL399p |
||
| 100 | 1 |
_aLavender, Lucille _949772 |
|
| 240 | 1 | 0 |
_aThe cry, too! _lEspañol. |
| 245 | 1 | 0 |
_aLos pastores también lloran / _cLucille Lavender ; traducido por Josie H. de Smith ; prefacio José Luis Martínez. |
| 260 |
_aTexas (Estados Unidos) : _bCasa Bautista de Publicaciones, _c1988. |
||
| 300 |
_a136 P. ; _c22 cm. |
||
| 490 | 1 |
_aCasa Bautista de Publicaciones _v42075 |
|
| 534 |
_aTítulo original: _tThe cry, too! |
||
| 650 | 0 |
_aVida espiritual _9268 |
|
| 650 | 0 |
_aVida cristiana _9668 |
|
| 650 | 0 |
_aEspiritualidad _9613 |
|
| 650 | 4 |
_aEjercicios espirituales _98168 |
|
| 700 | 1 |
_aSmith, Josie H. de _etr. _949773 |
|
| 700 | 1 |
_aMartínez, José Luis _934390 |
|
| 830 | 0 |
_aCasa Bautista de Publicaciones ; _v42075 _934391 |
|
| 049 | _aBNGR | ||
| 999 |
_c23739 _d23739 |
||